<?xml version="1.0" encoding="UTF-8"?>
<record
    xmlns:xsi="http://www.w3.org/2001/XMLSchema-instance"
    xsi:schemaLocation="http://www.loc.gov/MARC21/slim http://www.loc.gov/standards/marcxml/schema/MARC21slim.xsd"
    xmlns="http://www.loc.gov/MARC21/slim">

  <leader>02144nam a22002057a 4500</leader>
  <controlfield tag="003">CUTN</controlfield>
  <controlfield tag="005">20260106162642.0</controlfield>
  <controlfield tag="008">220922b        |||||||| |||| 00| 0 eng d</controlfield>
  <datafield tag="020" ind1=" " ind2=" ">
    <subfield code="a">9789380235486</subfield>
  </datafield>
  <datafield tag="041" ind1=" " ind2=" ">
    <subfield code="a">English</subfield>
  </datafield>
  <datafield tag="082" ind1=" " ind2=" ">
    <subfield code="a">635</subfield>
    <subfield code="b">PET</subfield>
  </datafield>
  <datafield tag="100" ind1=" " ind2=" ">
    <subfield code="a">Peter, K. V.</subfield>
  </datafield>
  <datafield tag="245" ind1=" " ind2=" ">
    <subfield code="a">The science of horticulture</subfield>
    <subfield code="b">Vol. 2 /</subfield>
  </datafield>
  <datafield tag="260" ind1=" " ind2=" ">
    <subfield code="a">New Delhi</subfield>
    <subfield code="b">New India Publishing Agency</subfield>
    <subfield code="c">2011</subfield>
  </datafield>
  <datafield tag="300" ind1=" " ind2=" ">
    <subfield code="b">364 pages</subfield>
    <subfield code="c">25cm</subfield>
  </datafield>
  <datafield tag="505" ind1=" " ind2=" ">
    <subfield code="t">1. Geographical Indications in horticulture by Elsy, C.R. and Mridula N. 2. Emerging trends in bioinformatics by Keshavachandran, R., Reena, N. and Nancy Thomas. 3. Chemistry of Fragrance by Shamina Azeez. 4. Advances in development of salt and water stress tolerant plants by Vanaja T. 5. Physiology of dormancy by Passam, Harold C and Alexopoulos, Alexios A. 6. Principles of preservation and packing to improve quality and extend shelf life of fresh horticultural produce by Bakshi, A.K. and Aggarwal Poonam. 7. Graft incompatibility by Masayo Kawaguchi, David Backhouse, Acram Taji and Masayuki Oda. 8. Role and symptoms of deficiency of micronutrients in horticultural crops by Nirmala Devi, S. and Sadhan Kumar P.G. 9. History of bioinformatics by Keshavachandran R. and Nancy Thomas. 10. Entomology in India - a historical perspective by Sosamma Jacob. 11. Ecofriendly approaches for the management of pests and disease of horticultural crops by Nakkeeran S., Renuka Devi P and Marimuthu T. 12. HELO priming in vegetable crops by Krishna Kumar K. 13. Controlled atmosphere storage of fruits by Sudhakar Rao, D.V. Gopalakrishna Rao, K.P. and Narayana C.K. 14. Physiology of fruit ripening by Dhillon W.S. and Gill P.P.S. 15. Trade in floriculture by Sheela Jayagopan.</subfield>
  </datafield>
  <datafield tag="520" ind1=" " ind2=" ">
    <subfield code="a">The volume covers recent research materials from countries like India, USA, Japan, European Union, UK etc. on vegetable Science, Fruit Science, Ornamentals, Spices, Plantation Crops and Postharvest Technology. Contributed by the best teachers and scientists in the field. The volumes expose the readers to the basics of Horticultural practices and phenomena with chapters.</subfield>
  </datafield>
  <datafield tag="690" ind1=" " ind2=" ">
    <subfield code="a">Horticulture</subfield>
  </datafield>
  <datafield tag="942" ind1=" " ind2=" ">
    <subfield code="2">ddc</subfield>
    <subfield code="c">BOOKS</subfield>
  </datafield>
  <datafield tag="999" ind1=" " ind2=" ">
    <subfield code="c">38145</subfield>
    <subfield code="d">38145</subfield>
  </datafield>
  <datafield tag="952" ind1=" " ind2=" ">
    <subfield code="0">0</subfield>
    <subfield code="1">0</subfield>
    <subfield code="2">ddc</subfield>
    <subfield code="4">0</subfield>
    <subfield code="7">0</subfield>
    <subfield code="8">NFIC</subfield>
    <subfield code="a">CUTN</subfield>
    <subfield code="b">CUTN</subfield>
    <subfield code="c">600</subfield>
    <subfield code="d">2022-09-22</subfield>
    <subfield code="l">0</subfield>
    <subfield code="o">635 PET</subfield>
    <subfield code="p">44525</subfield>
    <subfield code="r">2022-09-22 00:00:00</subfield>
    <subfield code="w">2022-09-22</subfield>
    <subfield code="y">BOOKS</subfield>
  </datafield>
  <datafield tag="952" ind1=" " ind2=" ">
    <subfield code="0">0</subfield>
    <subfield code="1">0</subfield>
    <subfield code="2">ddc</subfield>
    <subfield code="4">0</subfield>
    <subfield code="7">0</subfield>
    <subfield code="8">NFIC</subfield>
    <subfield code="a">CUTN</subfield>
    <subfield code="b">CUTN</subfield>
    <subfield code="c">600</subfield>
    <subfield code="d">2026-01-06</subfield>
    <subfield code="l">0</subfield>
    <subfield code="o">635 PET</subfield>
    <subfield code="p">52472</subfield>
    <subfield code="r">2026-01-06 16:27:31</subfield>
    <subfield code="w">2026-01-06</subfield>
    <subfield code="y">RB</subfield>
  </datafield>
</record>
